000 00840cam a2200229 a 4500
001 000011811
005 20200929162556.0
008 010906s2002 pr b s001 0 spa
020 _a0847701360 (alk. paper)
040 _aDO-SdBNP
_cDLC
_dDLC
043 _anwpr---
082 _a404.2097295
_bT693i
100 1 _aTorres-González, Roamé,
_d1946-
_927967
245 1 0 _aIdioma, bilingüismo y nacionalidad :
_bla presencia del inglés en Puerto Rico /
_cRoamé Torres González.
260 _aSan Juan, Puerto Rico :
_bEditorial de la Universidad de Puerto Rico,
_c2002.
300 _aix, 431 p. ;
_c23 cm.
504 _aIncluye referencias bibliográficas (p. 399-431).
650 4 _aBilinguismo
_zPuerto Rico.
_919001
650 4 _aPolitica linguistica
_zPuerto Rico.
_927968
910 _aCatalogación por copia / LC
049 _aBNGR
999 _c11485
_d11485